|
|
|
|
| LEADER |
00000nam0a2200000 4500 |
| 001 |
198945 |
| 005 |
20231031184115.0 |
| 035 |
|
|
|a (RuTPU)RU\TPU\book\216959
|
| 090 |
|
|
|a 198945
|
| 100 |
|
|
|a 20110714d1987 km y0rusy50 ca
|
| 101 |
1 |
|
|a rus
|c eng
|
| 102 |
|
|
|a RU
|
| 105 |
|
|
|a a z 001zy
|
| 200 |
1 |
|
|a Лазерное дистанционное зондирование
|e пер. с англ.
|
| 210 |
|
|
|a Москва
|c Мир
|d 1987
|
| 215 |
|
|
|a 550 с.
|c ил.
|
| 320 |
|
|
|a Библиогр.: с. 527-545.
|
| 320 |
|
|
|a Предметно-именной указатель: с. 546-548.
|
| 610 |
1 |
|
|a геология
|
| 610 |
1 |
|
|a лазерное зондирование
|
| 610 |
1 |
|
|a дистанционное зондирование
|
| 610 |
1 |
|
|a лидары
|
| 610 |
1 |
|
|a гидрография
|
| 610 |
1 |
|
|a квантовая физика
|
| 675 |
|
|
|a 551.501.8
|v 3
|
| 700 |
|
1 |
|a Межерис
|b Р. М.
|g Раймонд
|
| 801 |
|
1 |
|a RU
|b 63413507
|c 20110714
|
| 801 |
|
2 |
|a RU
|b 63413507
|c 20111121
|g RCR
|
| 942 |
|
|
|c BK
|